书目信息 |
| 题名: |
在历史与艺术之间
|
|
| 作者: | 王昕 著 | |
| 分册: | ||
| 出版信息: | 北京 中国传媒大学出版社 2008 |
|
| 页数: | 289页 | |
| 开本: | 21cm | |
| 丛书名: | 影视学术前沿 | |
| 单 册: | ||
| 中图分类: | J972.1 | |
| 科图分类: | ||
| 主题词: | 电视剧--历史剧--艺术理论--研究--中国 , 历史片 | |
| 电子资源: | ||
| ISBN: | 978-7-81127-167-6 | |
| 000 | 00989oam2 2200277 450 | |
| 001 | 1561030312 | |
| 005 | 20150118165743.18 | |
| 010 | @a978-7-81127-167-6@dCNY29.80 | |
| 100 | @a20080806d2008 emky0chiy50 ea | |
| 101 | 0 | @achi |
| 102 | @aCN@b110000 | |
| 105 | @ay z 000yy | |
| 200 | 1 | @a在历史与艺术之间@9zai li shi yu yi shu zhi jian@e中国历史题材电视剧文化诗学研究@f王昕著 |
| 210 | @a北京@c中国传媒大学出版社@d2008 | |
| 215 | @a289页@d21cm | |
| 225 | 2 | @a影视学术前沿 |
| 300 | @a首都经贸大学学术著作出版基金资助 | |
| 330 | @a本书是国内第一部采用诗学研究模式读解中国历史题材电视剧的学术专著,系统阐述了历史剧创作的重要美学问题。 | |
| 461 | 0 | @12001 @a影视学术前沿 |
| 517 | 1 | @a中国历史题材电视剧文化诗学研究@9zhong guo li shi ti cai dian shi ju wen hua shi xue yan jiu |
| 606 | 0 | @a电视剧@x历史剧@x艺术理论@x研究@y中国 |
| 606 | 0 | @a历史片 |
| 690 | @aJ972.1@v5 | |
| 701 | 0 | @a王昕@9wang xin@f(1967~)@4著 |
| 801 | 0 | @aCN@bTSSF@c20150118 |
| 905 | @aZUCC@dJ972.1@eJY69 | |
| 在历史与艺术之间:中国历史题材电视剧文化诗学研究/王昕著.-北京:中国传媒大学出版社,2008 |
| 289页;21cm.-(影视学术前沿) |
| 首都经贸大学学术著作出版基金资助 |
| ISBN 978-7-81127-167-6:CNY29.80 |
| 本书是国内第一部采用诗学研究模式读解中国历史题材电视剧的学术专著,系统阐述了历史剧创作的重要美学问题。 |
| ● |
| 相关链接 |
|
|
|
|
正题名:在历史与艺术之间
索取号:J972.1/JY69
 
预约/预借
| 序号 | 登录号 | 条形码 | 馆藏地/架位号 | 状态 | 备注 |
| 1 | 7848658 | 278486586 | 学院路分馆/ [索取号:J972.1/JY69] | 在馆 | |
| 2 | 7848659 | 278486595 | 学院路分馆/ [索取号:J972.1/JY69] | 在馆 | |
| 3 | 7848660 | 278486602 | 学院路分馆/ [索取号:J972.1/JY69] | 在馆 |